[Event "Revanche"]
[Site "http://www.queenalice.com/game.php?id=547965"]
[Date "2009.2.28"]
[Round "-"]
[White "andreavb"]
[Black "azazyel"]
[Result "1-0"]
[WhiteElo "1917"]
[BlackElo "1732"]

1. e4 e5 2. Nf3 Nc6 3. Bc4 Nf6 4. Ng5 Qe7 5. Bxf7+ Kd8 6. Bb3 d5 7. exd5 Nxd5 8.
Bxd5 Qxg5 9. d4 Qf6 10. O-O exd4 11. c3 Bd6 12. Bxc6 bxc6 13. Qxd4 Qg6 14. Bf4
Bh3 15. Bg3 Bd7 16. Rd1 h5 17. Bxd6 cxd6 18. Qxd6 Qxd6 19. Rxd6 Kc7 20. Rg6 Rhg8
21. Nd2 Rae8 22. Nf3 Bf5 23. Rg5 g6 24. Nd4 Bd7 25. Kf1 Kd6 26. Rd1 c5 27. Nb3+
Kc6 28. Rxc5+ 1-0

[Event "AUTO-OPEN-1466"]
[Site "http://www.queenalice.com/game.php?id=551071"]
[Date "2009.3.6"]
[Round "1"]
[White "Jane"]
[Black "azazyel"]
[Result "1-0"]
[WhiteElo "1777"]
[BlackElo "1722"]

1. e4 e5 2. Nf3 Nc6 3. Bb5 Nf6 4. Bxc6 dxc6 5. Nxe5 Qe7 6. d4 Nxe4 7. Qf3 Nf6 8.
Bg5 Be6 9. Bxf6 gxf6 10. Nd3 Bg4+ 11. Qe3 O-O-O 12. Qxe7 Bxe7 13. f3 Bf5 14. O-O
Rxd4 15. Nc3 Bxd3 16. cxd3 Rxd3 17. Rfe1 Bc5+ 18. Kf1 f5 19. Ke2 Rhd8 20. Kf1
1-0

[Event "AUTO-OPEN-1466"]
[Site "http://www.queenalice.com/game.php?id=551072"]
[Date "2009.3.6"]
[Round "1"]
[White "azazyel"]
[Black "Jane"]
[Result "1-0"]
[WhiteElo "1710"]
[BlackElo "1726"]

1. e4 e5 2. Nf3 Nc6 3. Bb5 Nf6 4. Nc3 a6 5. Bxc6 dxc6 6. d3 Bb4 7. Nxe5 Bxc3+ 8.
bxc3 Bg4 9. Nxg4 h6 10. Nxf6+ Qxf6 11. Bb2 O-O 12. Qg4 b5 13. O-O-O Qxf2 14. c4
bxc4 15. Qxg7# 1-0

[Event "AUTO-OPEN-1466"]
[Site "http://www.queenalice.com/game.php?id=551099"]
[Date "2009.3.6"]
[Round "1"]
[White "schachmattorwieorwatt"]
[Black "azazyel"]
[Result "0-1"]
[WhiteElo "1291"]
[BlackElo "1710"]

1. e4 e5 2. Nf3 Nc6 3. Bc4 Nf6 4. Nc3 Nxe4 5. Nxe4 d5 6. Bxd5 Qxd5 7. d3 Bf5 8.
Qe2 Nd4 9. Qd1 Bxe4 10. O-O Bxf3 11. Qd2 Bxg2 12. Re1 Nf3+ 13. Kxg2 Nxd2+ 14.
Kg3 Qf3+ 15. Kh4 Be7# 0-1

[Event "AUTO-OPEN-1466"]
[Site "http://www.queenalice.com/game.php?id=551100"]
[Date "2009.3.6"]
[Round "1"]
[White "azazyel"]
[Black "schachmattorwieorwatt"]
[Result "1-0"]
[WhiteElo "1732"]
[BlackElo "1310"]

1. e4 e5 2. Nf3 Nc6 3. Nc3 Nf6 4. Bb5 Nd4 5. Nxd4 exd4 6. Ne2 Nxe4 7. Nxd4 Bc5
8. d3 Nd6 9. Qg4 O-O 10. Bc4 Nxc4 11. dxc4 Bxd4 12. Qxd4 Qe8+ 13. Be3 d6 14.
O-O-O Bg4 15. Rde1 h6 16. Bxh6 Qxe1+ 17. Rxe1 f6 18. Qxg4 Rf7 19. Re3 Kf8 20.
Bf4 Re8 21. Rxe8+ Kxe8 22. Qe6+ Re7 23. Qc8+ Kf7 24. Kd2 Re8 25. Qxc7+ 1-0

[Event "AUTO-OPEN-1466"]
[Site "http://www.queenalice.com/game.php?id=551117"]
[Date "2009.3.6"]
[Round "1"]
[White "Meirebel"]
[Black "azazyel"]
[Result "1-0"]
[WhiteElo "2242"]
[BlackElo "1722"]

1. e4 e5 2. f4 Bc5 3. Nf3 d6 4. Nc3 Bg4 5. d3 f5 6. fxe5 dxe5 7. h3 Bxf3 8. Qxf3
Qh4+ 9. g3 Qf6 10. exf5 Ne7 11. Qxb7 Qc6 12. Bg2 Qxb7 13. Bxb7 Nxf5 14. Ne4 Be7
15. O-O Nd4 16. c3 Ne2+ 17. Kh2 Kd7 18. Bxa8 c6 19. Be3 Na6 20. Bb7 Nc7 21. Bxa7
Rf8 22. Rxf8 Bxf8 23. Re1 1-0

[Event "AUTO-OPEN-1466"]
[Site "http://www.queenalice.com/game.php?id=551118"]
[Date "2009.3.6"]
[Round "1"]
[White "azazyel"]
[Black "Meirebel"]
[Result "0-1"]
[WhiteElo "1722"]
[BlackElo "2243"]

1. e4 c6 2. Nc3 d5 3. Nf3 Bg4 4. h3 Bh5 5. exd5 cxd5 6. Bb5+ Nc6 7. d4 e6 8. Bf4
Bb4 9. Qd3 Ne7 10. a3 Bxc3+ 11. Qxc3 Bxf3 12. Qxf3 Qa5+ 13. c3 Qxb5 14. b4 Ng6
15. Bg3 Qc4 16. O-O-O Qa2 17. Bd6 Qxa3+ 18. Kc2 Qa2+ 19. Kd3 Rd8 20. Rd2 Qc4+
21. Kc2 Rxd6 0-1

[Event "A Negra!"]
[Site "http://www.queenalice.com/game.php?id=554097"]
[Date "2009.3.11"]
[Round "-"]
[White "azazyel"]
[Black "andreavb"]
[Result "0-1"]
[WhiteElo "1710"]
[BlackElo "1869"]

1. e4 e5 2. Nf3 d6 3. Bc4 c6 4. Nc3 Be7 5. d3 Nf6 6. b3 b5 7. Bxf7+ Kxf7 8. Ng5+
Ke8 9. O-O h6 10. Nf3 Bg4 11. h3 Bh5 12. Qd2 Bxf3 13. gxf3 Qd7 14. Kh2 Nh5 15.
Rg1 Nf4 16. Rxg7 Qxh3+ 17. Kg1 Bg5 18. Qxf4 exf4 19. Ne2 Bf6 20. Nxf4 Qxf3 21.
Rg6 Bxa1 0-1

[Event "Challenge"]
[Site "http://www.queenalice.com/game.php?id=561502"]
[Date "2009.3.25"]
[Round "-"]
[White "Andrei_78"]
[Black "azazyel"]
[Result "0-1"]
[WhiteElo "1674"]
[BlackElo "1706"]

1. e4 e5 2. Nf3 Nc6 3. Bd3 Bc5 4. Bb5 a6 5. Bxc6 dxc6 6. O-O Bg4 7. h3 h5 8.
hxg4 hxg4 9. Nxe5 Qh4 10. Nxg4 Qh1# 0-1

[Event "Sertao"]
[Site "http://www.queenalice.com/game.php?id=561781"]
[Date "2009.3.26"]
[Round "-"]
[White "blackwolf"]
[Black "azazyel"]
[Result "0-1"]
[WhiteElo "1770"]
[BlackElo "1700"]

1. e4 e5 2. Nf3 Nc6 3. Bc4 Nf6 4. Nc3 Bb4 5. O-O d6 6. Re1 Bg4 7. Nd5 Bc5 8. a3
a6 9. d3 Nd4 10. h3 Bxf3 11. gxf3 Nh5 12. c3 Ne6 13. f4 Nhxf4 14. Bxf4 Nxf4 15.
Nxf4 exf4 16. Qg4 g5 17. d4 Bb6 18. Qf5 O-O 19. Kh2 Kg7 20. Rg1 h6 21. h4 f6 22.
f3 Qe7 23. h5 Qe8 24. Be6 Qxh5+ 25. Kg2 Qg6 26. Qg4 h5 27. Qh3 Rh8 28. Bf5 Qf7
29. Rh1 h4 30. Qg4 Qh5 31. Qh3 Rae8 32. Rh2 c6 33. Rah1 d5 34. Kf1 Kf7 35. Qg2
Bc7 36. Rh3 b5 37. Qc2 Bd6 38. Qb3 Ke7 39. exd5 Qf7 40. Be6 Qg6 41. Ke2 cxd5 42.
Bxd5 Kd7+ 43. Be4 Rxe4+ 44. fxe4 Qxe4+ 45. Kf2 g4 46. Qf7+ Be7 47. Rxh4 Qf3+ 48.
Ke1 Rxh4 49. Rxh4 Qg3+ 0-1

[Event "Challenge"]
[Site "http://www.queenalice.com/game.php?id=571412"]
[Date "2009.4.13"]
[Round "-"]
[White "bish"]
[Black "azazyel"]
[Result "0-1"]
[WhiteElo "1624"]
[BlackElo "1719"]

1. e4 e5 2. Nf3 Nc6 3. Bb5 Bc5 4. c3 a6 5. Bc4 Nf6 6. d3 d5 7. exd5 Nxd5 8. d4
exd4 9. Qe2+ Be6 10. Ng5 Qd6 11. Nxe6 fxe6 12. cxd4 Nxd4 13. Qe4 O-O-O 14. O-O
Nf6 15. Qd3 Ng4 16. g3 Rdf8 17. Bf4 Rxf4 18. gxf4 Qxf4 19. Qg3 Rf8 20. Qxf4 Rxf4
0-1

[Event "Challenge"]
[Site "http://www.queenalice.com/game.php?id=572321"]
[Date "2009.4.15"]
[Round "-"]
[White "azazyel"]
[Black "gotinha"]
[Result "1-0"]
[WhiteElo "1745"]
[BlackElo "1687"]

1. e4 e5 2. Nf3 Nc6 3. Nc3 Bb4 4. Bc4 Nf6 5. a3 Bxc3 6. dxc3 Nxe4 7. Bd5 Nf6 8.
Bxc6 bxc6 9. Nxe5 Bb7 10. Bg5 d6 11. Nf3 Qe7+ 12. Be3 O-O 13. O-O Rab8 14. Re1
Qd7 15. Bxa7 Rbe8 16. Bd4 Rxe1+ 17. Qxe1 Re8 18. Qd2 Qe6 19. Re1 Ne4 20. Qd3 d5
21. Ng5 Qf5 22. Nxe4 Rxe4 23. Rxe4 Qxe4 24. Qe3 c5 25. Bxc5 d4 26. Qxe4 Bxe4 27.
cxd4 Bxc2 28. f4 c6 29. Kf2 g6 30. Be7 Kg7 31. Ke3 f5 32. Kd2 Be4 33. g3 Kf7 34.
Bd8 Ke6 35. Kc3 Kd5 36. b4 h5 37. h4 Bg2 38. a4 Ke4 39. a5 Kf3 40. Bg5 Kxg3 41.
a6 Kf3 42. a7 Ke3 43. a8=Q c5 44. Qxg2 cxd4+ 45. Kc2 d3+ 46. Kd1 Kd4 47. Qb2+
Ke3 48. b5 Ke4 49. b6 Ke3 50. b7 d2 51. b8=Q Kf2 52. Qxd2+ Kg3 53. Qe3+ Kg4 54.
Qf2 Kh3 55. Qb3+ Kg4 56. Qg2# 1-0

[Event "Challenge"]
[Site "http://www.queenalice.com/game.php?id=599465"]
[Date "2009.6.6"]
[Round "-"]
[White "azazyel"]
[Black "bish"]
[Result "0-1"]
[WhiteElo "1762"]
[BlackElo "1621"]

1. e4 e5 2. Nf3 Nc6 3. Nc3 Nf6 4. g3 Bb4 5. a3 Ba5 6. Bg2 O-O 7. d3 d5 8. Bg5 d4
9. b4 Bb6 10. Nd5 Qd6 11. Bxf6 gxf6 12. Nh4 Ne7 13. Nxe7+ Qxe7 14. f4 c6 15. f5
a5 16. Qg4+ Kh8 17. O-O Rg8 18. Qh5 Rg5 19. Qh6 Bd7 20. Nf3 Rg4 21. Bh3 Rg7 22.
Kf2 c5 23. g4 cxb4 24. axb4 Qxb4 25. Qxf6 Bc7 26. Rab1 Qc3 27. Rfc1 a4 28. Qe7
f6 29. Qxf6 a3 30. Rb3 Qc5 31. Ne1 a2 32. Ra1 Ba4 33. Rxa2 Ra6 34. Rxb7 Rxf6 35.
Rxa4 Ba5 36. Rc4 Bxe1+ 37. Kxe1 Qa5+ 38. Rbb4 Rb6 39. c3 Rxb4 40. cxb4 Qa1+ 41.
Kf2 Qb2+ 42. Kg3 Qd2 43. Bf1 Qf4+ 44. Kh4 Qxg4# 0-1

[Event "AUTO-BEG-289"]
[Site "http://www.queenalice.com/game.php?id=601723"]
[Date "2009.6.11"]
[Round "2"]
[White "DALECIO_RAZIEL"]
[Black "azazyel"]
[Result "0-1"]
[WhiteElo "1444"]
[BlackElo "1759"]

1. e4 c6 2. c4 e5 3. d3 Nf6 4. Nc3 Bc5 5. a3 d6 6. b4 Bd4 7. Qc2 Ng4 8. Be3 Qf6
9. Bxd4 exd4 10. f3 Ne3 11. Qe2 Nxf1 12. Na4 Ne3 13. g4 b6 14. b5 c5 15. Nh3 Bd7
16. g5 Qe5 17. f4 Qe7 18. Rf1 Bxh3 19. Rf3 Bg4 20. Ra2 Bxf3 21. Qxf3 Qd7 22. Qh5
g6 23. Qf3 a6 24. Nxb6 Qb7 25. Nxa8 Qxa8 26. b6 Nc6 27. Rb2 Qb7 28. h4 h6 29.
Qg3 h5 30. Ke2 Kd7 31. Qh3+ Ng4 32. Ke1 Rb8 33. e5 dxe5 34. fxe5 Nxe5 35. a4 Re8
36. Re2 Qxb6 37. Kf1 Qb1+ 38. Kg2 Nxd3 39. Qxd3 Qxd3 0-1

[Event "AUTO-BEG-289"]
[Site "http://www.queenalice.com/game.php?id=601724"]
[Date "2009.6.11"]
[Round "2"]
[White "azazyel"]
[Black "DALECIO_RAZIEL"]
[Result "1-0"]
[WhiteElo "1731"]
[BlackElo "1452"]

1. e4 e5 2. Nf3 Nc6 3. Nc3 a6 4. Bc4 b5 5. Bd5 Bb7 6. d3 h6 7. Be3 g5 8. g4 Nf6
9. h4 Nxg4 10. hxg5 Nxe3 11. fxe3 Bb4 12. gxh6 Bxc3+ 13. bxc3 Qe7 14. d4 b4 15.
Qb1 a5 16. Rh5 f6 17. a3 Nxd4 18. exd4 Bxd5 19. exd5 exd4+ 20. Kd1 Qe3 21. Rh3
Rxh6 22. Rxh6 Qxh6 23. axb4 Qh1+ 24. Ne1 Qxd5 25. Qb3 dxc3+ 26. Qxd5 1-0

[Event "AUTO-BEG-289"]
[Site "http://www.queenalice.com/game.php?id=601725"]
[Date "2009.6.11"]
[Round "2"]
[White "MF_Fine"]
[Black "azazyel"]
[Result "0-1"]
[WhiteElo "1809"]
[BlackElo "1742"]

1. e4 c6 2. d4 d5 3. e5 Bf5 4. Bd3 Bxd3 5. Qxd3 e6 6. Ne2 Ne7 7. O-O Nf5 8. Ng3
g6 9. Nxf5 gxf5 10. Be3 Rg8 11. Nd2 Qh4 12. Qe2 f4 13. Nf3 Qg4 14. g3 fxe3 15.
fxe3 Bh6 16. Qf2 Rg7 17. Ne1 Nd7 18. Ng2 O-O-O 19. a4 Rf8 20. Qf6 Nxf6 0-1

[Event "AUTO-BEG-289"]
[Site "http://www.queenalice.com/game.php?id=601726"]
[Date "2009.6.11"]
[Round "2"]
[White "azazyel"]
[Black "MF_Fine"]
[Result "1-0"]
[WhiteElo "1761"]
[BlackElo "1652"]

1. e4 c5 2. Nf3 d6 3. d4 cxd4 4. Nxd4 e6 5. Nc3 Nf6 6. Bg5 Nbd7 7. Qf3 a6 8. Bc4
Ne5 9. Qe2 Nxc4 10. Qxc4 Bd7 11. O-O-O Be7 12. f3 Rc8 13. Qd3 Nd5 14. Bxe7 Nxe7
15. g4 Nc6 16. Qe3 Qb6 17. Na4 Qa7 18. Rhe1 Nxd4 19. Qxd4 Qxd4 20. Rxd4 e5 21.
Rxd6 Bxa4 22. b3 1-0

[Event "Challenge"]
[Site "http://www.queenalice.com/game.php?id=604696"]
[Date "2009.6.16"]
[Round "-"]
[White "azazyel"]
[Black "knight401"]
[Result "1-0"]
[WhiteElo "1736"]
[BlackElo "1503"]

1. e4 e5 2. Nf3 Nc6 3. Nc3 d6 4. Bb5 Bd7 5. Nd5 Be7 6. c4 Nf6 7. d3 O-O 8. h4 h6
9. Rg1 Nh7 10. h5 Bg4 11. Rh1 Nd4 12. Ne3 Ng5 13. Nxg4 1-0

[Event "AUTO-OPEN-1604"]
[Site "http://www.queenalice.com/game.php?id=611122"]
[Date "2009.6.30"]
[Round "1"]
[White "dante72"]
[Black "azazyel"]
[Result "1-0"]
[WhiteElo "1749"]
[BlackElo "1775"]

1. d4 d6 2. e3 Nf6 3. f3 c6 4. Bd3 g6 5. Ne2 Bg7 6. O-O h5 7. Bd2 h4 8. c4 h3 9.
g3 a6 10. g4 b5 11. b3 Qb6 12. Qe1 a5 13. Nbc3 b4 14. Na4 Qc7 15. Qg3 e5 16.
dxe5 dxe5 17. Rad1 c5 18. g5 Nh5 19. Qf2 Bb7 20. e4 Nf4 21. Bxf4 exf4 22. Qxc5
Qxc5+ 23. Nxc5 Bc8 24. Nxf4 Bd4+ 25. Kh1 Bxc5 26. Nd5 Ra7 27. Nf6+ Kf8 28. Be2
Nc6 29. Rd5 Be7 30. Rfd1 Kg7 31. f4 Be6 32. R5d2 Bxf6 33. gxf6+ 1-0

[Event "AUTO-OPEN-1604"]
[Site "http://www.queenalice.com/game.php?id=611123"]
[Date "2009.6.30"]
[Round "1"]
[White "azazyel"]
[Black "dante72"]
[Result "0-1"]
[WhiteElo "1758"]
[BlackElo "1766"]

1. e4 e5 2. Nf3 d6 3. Bc4 c6 4. Nc3 h6 5. d3 a5 6. a3 Be6 7. Bxe6 fxe6 8. O-O
Nf6 9. Be3 Be7 10. Nh4 g5 11. Ng6 Rg8 12. Nxe7 Qxe7 13. Qf3 Rf8 14. Qh3 Ng8 15.
Na4 Nd7 16. Rad1 b5 17. Nb6 Nxb6 18. Bxb6 c5 19. b4 cxb4 20. axb4 a4 21. c4 Rf6
22. cxb5 Kf7 23. Ba5 Qb7 24. b6 Ne7 25. Ra1 Kg6 26. g4 Nc6 27. Rxa4 Nd4 28. f3
Ne2+ 29. Kf2 Nf4 30. Qg2 Nxg2 31. Kxg2 Qc6 32. Ra2 Qb5 33. Rd1 Rff8 34. Rc2 Qa4
35. Rdc1 Qb3 36. b7 Rab8 37. Rc8 Rxb7 38. Rxf8 Qb2+ 0-1

[Event "AUTO-OPEN-1604"]
[Site "http://www.queenalice.com/game.php?id=611148"]
[Date "2009.6.30"]
[Round "1"]
[White "rcrc"]
[Black "azazyel"]
[Result "0-1"]
[WhiteElo "1100"]
[BlackElo "1740"]

1. e4 e5 2. Nf3 Nc6 3. Bc4 Bc5 4. c3 d6 5. O-O Bg4 6. h3 h5 7. hxg4 hxg4 8. d4
exd4 9. cxd4 Nxd4 10. Nxd4 Qh4 11. f3 gxf3 12. gxf3 Qg3# 0-1

[Event "AUTO-OPEN-1604"]
[Site "http://www.queenalice.com/game.php?id=611149"]
[Date "2009.6.30"]
[Round "1"]
[White "azazyel"]
[Black "rcrc"]
[Result "1-0"]
[WhiteElo "1773"]
[BlackElo "1205"]

1. e4 c6 2. d4 d5 3. e5 e6 4. Nf3 Ne7 5. Bg5 h6 6. Bh4 g5 7. Bg3 Nf5 8. Bd3 Nxg3
9. hxg3 f6 10. Bg6+ Kd7 11. exf6 Qxf6 12. Ne5+ Kc7 13. Qd3 Bd6 14. Nf7 Rg8 15.
Rxh6 Bf8 16. Bh7 Qxf7 17. Bxg8 Qxg8 18. Qh7+ Qxh7 19. Rxh7+ Bd7 20. Rf7 Bb4+ 21.
c3 Ba5 22. b4 Bb6 23. a4 a5 24. b5 cxb5 25. axb5 g4 26. Rg7 Kd6 27. Na3 e5 28.
Rg6+ Be6 29. O-O-O Nd7 30. dxe5+ Nxe5 31. Rf6 Rh8 32. c4 d4 33. f4 gxf3 34. gxf3
Rh3 35. f4 Nd7 36. Rg6 Rh5 37. g4 Rh8 38. f5 1-0

[Event "AUTO-OPEN-1604"]
[Site "http://www.queenalice.com/game.php?id=611166"]
[Date "2009.6.30"]
[Round "1"]
[White "azazyel"]
[Black "lorddrago"]
[Result "0-1"]
[WhiteElo "1724"]
[BlackElo "1699"]

1. e4 e5 2. Nf3 Nc6 3. Nc3 Nf6 4. Bc4 h6 5. Nxe5 Nxe5 6. b3 c6 7. Bb2 d5 8. exd5
cxd5 9. Bb5+ Bd7 10. Qe2 Qe7 11. Bxd7+ Nexd7 12. O-O-O Qxe2 13. Nxe2 Bd6 14.
Rde1 O-O 15. f3 b5 16. g4 Rae8 17. Bd4 Be5 18. Bxa7 Ra8 19. Bf2 Rxa2 20. Nc3
Bxc3 21. dxc3 Rfa8 22. Kd2 R8a3 23. h4 Rxb3 24. g5 Nh5 25. Re8+ Kh7 26. Re7 Nf8
0-1

[Event "AUTO-OPEN-1604"]
[Site "http://www.queenalice.com/game.php?id=611167"]
[Date "2009.6.30"]
[Round "1"]
[White "lorddrago"]
[Black "azazyel"]
[Result "1-0"]
[WhiteElo "1681"]
[BlackElo "1742"]

1. e4 c6 2. d4 d5 3. Nc3 dxe4 4. Nxe4 Bf5 5. Qf3 e6 6. Bd3 Qxd4 7. Ne2 Qb6 8.
O-O Nd7 9. N2g3 g6 10. Nxf5 gxf5 11. Nc3 Ngf6 12. b3 Rg8 13. Be3 Qc7 14. Rae1
Ng4 15. g3 Bb4 16. Bd2 Nde5 17. Qd1 O-O-O 18. f3 Bc5+ 19. Kg2 Nxd3 20. fxg4
Nxe1+ 21. Qxe1 Rxg4 22. Bf4 Bd6 23. Bxd6 Qxd6 24. Qe3 c5 25. Nb5 Qc6+ 26. Kh3
1-0